[Event "Pardubice Czech op-E 32nd"]
[Site "Pardubice"]
[Date "2021.07.15"]
[Round "1.4"]
[White "Jankowski, Aleksander"]
[Black "Cuhra, Martin"]
[Result "0-1"]
[WhiteElo "1636"]
[BlackElo "2188"]
[PlyCount "152"]
[EventDate "2021.07.15"]
[EventType "team-swiss"]
[EventRounds "7"]
[EventCountry "CZE"]
[SourceTitle "CBM 203 Extra"]
[Source "ChessBase"]
[SourceDate "2021.09.30"]
[SourceVersion "1"]
[SourceVersionDate "2021.09.30"]
[SourceQuality "1"]
[WhiteTeam "Wroclaw Hetman"]
[BlackTeam "Praha Oaza"]
[WhiteTeamCountry "POL"]
[BlackTeamCountry "CZE"]

1. d4 d5 2. c4 c6 3. Nf3 Nf6 4. g3 Bf5 5. Bg2 e6 6. 0-0 Be7 7. Nc3 Ne4 8. Bd2 0-0 9. Qb3 Qb6 10. Qxb6 axb6 11. cxd5 exd5 12. Rfc1 Nd7 13. Bf4 Rfe8 14. Nxe4 Bxe4 15. Bh3 Nf6 16. Be5 Ra6 17. Nd2 Bg6 18. Bxf6 Bxf6 19. e3 Bd3 20. Rc3 Bb5 21. Bg2 g5 22. Bf3 Be7 23. Rcc1 Bb4 24. Nb1 Rea8 25. a3 f5 26. Nc3 Bc4 27. Rab1 Bd6 28. Rd1 Bb3 29. Rd2 b5 30. Ne2 Ba2 31. Ra1 Bc4 32. Nc1 b4 33. b3 Bb5 34. a4 R6a7 35. Rda2 Ba6 36. Bg2 Kg7 37. Bf1 Kf6 38. Bxa6 Rxa6 39. Nd3 Ra5 40. Kf1 Ke6 41. Rc2 h5 42. Rac1 Rh8 43. Nc5+ Bxc5 44. Rxc5 Raa8 45. Ke2 h4 46. R5c2 hxg3 47. hxg3 Rh2 48. Rg1 Rf8 49. Rcc1 Kd6 50. Rh1 Rfh8 51. Rhg1 Ke6 52. g4 f4 53. exf4 gxf4 54. Rb1 Kf6 55. g5+ Kg6 56. Kf3 R8h4 57. Rb2 R2h3+ 58. Ke2 f3+ 59. Ke3 Re4+ 60. Kd3 Rhh4 61. Rg3 Rhf4 62. Rb1 Rxd4+ 63. Ke3 Rde4+ 64. Kd3 c5 65. Rh1 c4+ 66. bxc4 dxc4+ 67. Kc2 Re2+ 68. Kc1 Rxf2 69. Rh6+ Kg7 70. Rb6 Rg2 71. Rxb7+ Kf8 72. Rh3 Kg8 73. Rb8+ Kg7 74. Rh6 Rxg5 75. Rc6 f2 76. Rc7+ Rf7 0-1